| 000 | 00619nam a2200205 a 4500 | ||
|---|---|---|---|
| 001 | 000022695 | ||
| 005 | 20200930021737.0 | ||
| 008 | 101115s1969 sp r 000 j spa d | ||
| 040 |
_aDO-SdBNP _bspa _cBNPHU |
||
| 082 |
_aV863.44 _bB516d |
||
| 100 | 1 |
_aBermúdez, Luis Julio, _946664 |
|
| 245 | 1 | 0 |
_aDetrás de la avenida : _bcuentos / _cLuis Julio Bermúdez. |
| 260 |
_aCaracas : _bMonte Ávila Editores, _c1969. |
||
| 300 |
_a136, [4] p. ; _c18 cm. |
||
| 490 | 1 | _aContinente | |
| 650 | 4 |
_aCuentos venezolanos _93815 |
|
| 650 | 4 |
_aLiteratura venezolana _ySIGLO XX _99777 |
|
| 830 | 0 |
_aContinente _95070 |
|
| 049 | _aBNGR | ||
| 999 |
_c22192 _d22192 |
||